[Event "Deltalift op"]
[Site "Halmstad"]
[Date "2024.05.09"]
[Round "3"]
[White "Sorensen, Hampus"]
[Black "Engstrom, Kaj"]
[Result "1-0"]
[WhiteElo "2417"]
[BlackElo "2153"]
[PlyCount "75"]
[EventDate "2024.05.09"]
[EventType "swiss"]
[EventRounds "8"]
[EventCountry "SWE"]
[SourceTitle "CBM 220 Extra"]
[Source "ChessBase"]
[SourceDate "2024.07.31"]
[SourceVersion "1"]
[SourceVersionDate "2024.07.31"]
[SourceQuality "1"]

1. d4 Nf6 2. c4 e6 3. Nc3 d5 4. Nf3 c6 5. e3 Nbd7 6. Qc2 Bd6 7. Bd3 0-0 8. 0-0 b6 9. e4 dxc4 10. Bxc4 e5 11. h3 b5 12. Be2 Re8 13. a3 Bb7 14. Be3 a6 15. Rad1 Qc7 16. dxe5 Nxe5 17. Nd4 Ng6 18. Nf5 Be5 19. Bf3 Rad8 20. g3 Ne7 21. Nxe7+ Rxe7 22. Rxd8+ Qxd8 23. Rd1 Rd7 24. Rxd7 Qxd7 25. Bg2 Qe6 26. Ne2 Nd7 27. f4 Bb8 28. e5 Qg6 29. Be4 Qh6 30. Kg2 Bxe5 31. Qd2 Bd6 32. Nd4 Bf8 33. Nxb5 Nf6 34. Bf3 Bc8 35. f5 g5 36. Bxg5 Qg7 37. Nc3 Bxf5 38. Qf4 1-0

[Event "SWE-chT 1920 Superettan"]
[Site "Sweden"]
[Date "2020.10.18"]
[Round "9"]
[White "Sandberg, Philip"]
[Black "Engstrom, Kaj"]
[Result "1-0"]
[WhiteElo "1881"]
[BlackElo "2213"]
[PlyCount "25"]
[EventDate "2019.10.18"]
[EventType "team-tourn"]
[EventRounds "9"]
[EventCountry "SWE"]
[SourceTitle "EXT 2023"]
[Source "ChessBase"]
[SourceDate "2022.10.05"]
[SourceVersion "1"]
[SourceVersionDate "2022.10.05"]
[SourceQuality "1"]
[WhiteTeam "Stockholm Rockaden II"]
[BlackTeam "Kungstornet"]
[WhiteTeamCountry "SWE"]
[BlackTeamCountry "SWE"]

1. d4 Nf6 2. c4 e6 3. Nc3 d5 4. Bg5 Nbd7 5. Nf3 c6 6. e3 Qa5 7. Nd2 dxc4 8. Bxf6 Nxf6 9. Nxc4 Qd8 10. a3 Be7 11. Rc1 0-0 12. b4 Nd5 13. Be2 1-0

[Event "SWE-chT 1415 Elite"]
[Site "Sweden"]
[Date "2015.03.20"]
[Round "7"]
[White "Rahul, Kumar Pune"]
[Black "Engstrom, Kaj"]
[Result "1-0"]
[WhiteElo "2169"]
[BlackElo "2261"]
[PlyCount "61"]
[EventDate "2014.11.21"]
[EventType "team-tourn"]
[EventRounds "9"]
[EventCountry "SWE"]
[SourceTitle "EXT 2018"]
[Source "ChessBase"]
[SourceDate "2017.10.13"]
[SourceVersion "1"]
[SourceVersionDate "2017.10.13"]
[SourceQuality "1"]
[WhiteTeam "Orgryte"]
[BlackTeam "Kungstornet"]
[WhiteTeamCountry "SWE"]
[BlackTeamCountry "SWE"]

1. e4 c5 2. Nf3 e6 3. d4 cxd4 4. Nxd4 a6 5. c4 Nf6 6. Bd3 d6 7. Nc3 Nbd7 8. 0-0 Ne5 9. Be2 Qc7 10. f4 Nc6 11. Be3 Be7 12. Qd2 0-0 13. Rac1 Bd7 14. Bf3 Qb8 15. Nb3 b5 16. c5 b4 17. Na4 e5 18. Nb6 exf4 19. Bf2 Ne5 20. Nxa8 Qxa8 21. cxd6 Bd8 22. Qxf4 Nd3 23. Qe3 Nxc1 24. e5 Qb8 25. Rxc1 Re8 26. Qd4 Re6 27. Qf4 Ne8 28. Nc5 Rg6 29. Nxd7 Qb5 30. Bc6 Qd3 31. Be4 1-0

[Event "Rilton Cup 44th"]
[Site "Stockholm"]
[Date "2015.01.04"]
[Round "8"]
[White "Engstrom, Kaj"]
[Black "Berglind, Axel"]
[Result "0-1"]
[WhiteElo "2261"]
[BlackElo "1972"]
[PlyCount "120"]
[EventDate "2014.12.27"]
[EventType "swiss"]
[EventRounds "9"]
[EventCountry "SWE"]
[SourceTitle "CBM 164 Extra"]
[Source "ChessBase"]
[SourceDate "2015.03.02"]
[SourceVersion "1"]
[SourceVersionDate "2015.03.02"]
[SourceQuality "1"]

1. e4 c5 2. c3 Nf6 3. e5 Nd5 4. d4 cxd4 5. Nf3 Nc6 6. cxd4 d6 7. Nc3 dxe5 8. dxe5 Nxc3 9. Qxd8+ Kxd8 10. bxc3 Bg4 11. Be2 e6 12. h3 Bxf3 13. Bxf3 Nxe5 14. Bxb7 Rb8 15. Ba6 Rb6 16. Be2 Bc5 17. Bf4 Ng6 18. Bg3 Ke7 19. 0-0 Rb2 20. Ba6 Rd8 21. Rfb1 Rdd2 22. Rxb2 Rxb2 23. a4 f5 24. Rf1 f4 25. Bh2 e5 26. Bb5 Ra2 27. g3 h5 28. Kg2 Kf6 29. Be8 fxg3 30. Bxg3 h4 31. Bh2 Ne7 32. Re1 Rxf2+ 33. Kh1 Bd6 34. Bd7 Nf5 35. Rd1 Bc5 36. Bxf5 Rxf5 37. c4 e4 38. Bc7 e3 39. Bd8+ Be7 40. Bxe7+ Kxe7 41. Kg2 Rf2+ 42. Kg1 e2 43. Rd7+ Kxd7 44. Kxf2 Kc6 45. Kxe2 Kc5 46. Kf3 Kxc4 47. Kg4 Kb4 48. Kxh4 Kxa4 49. Kg5 Kb5 50. Kg6 a5 51. Kxg7 a4 52. h4 a3 53. h5 a2 54. h6 a1Q+ 55. Kg8 Qa8+ 56. Kg7 Qb7+ 57. Kg8 Qc8+ 58. Kg7 Qd7+ 59. Kg8 Qd8+ 60. Kg7 Qg5+ 0-1

[Event "Rilton Cup 44th"]
[Site "Stockholm"]
[Date "2015.01.01"]
[Round "5"]
[White "Vandenbussche, Thibaut"]
[Black "Engstrom, Kaj"]
[Result "1-0"]
[WhiteElo "2418"]
[BlackElo "2261"]
[PlyCount "59"]
[EventDate "2014.12.27"]
[EventType "swiss"]
[EventRounds "9"]
[EventCountry "SWE"]
[SourceTitle "CBM 164 Extra"]
[Source "ChessBase"]
[SourceDate "2015.03.02"]
[SourceVersion "1"]
[SourceVersionDate "2015.03.02"]
[SourceQuality "1"]

1. e4 c5 2. Nf3 e6 3. d4 cxd4 4. Nxd4 a6 5. Nc3 Bc5 6. Be3 d6 7. Qd2 Nf6 8. 0-0-0 Bb4 9. f3 0-0 10. a3 Ba5 11. Nb3 Bc7 12. h4 Nc6 13. h5 Nd7 14. h6 g6 15. f4 b5 16. Nd4 Nxd4 17. Bxd4 e5 18. Be3 Bb7 19. g3 Nf6 20. fxe5 dxe5 21. Qe2 Nd7 22. Bh3 f5 23. Rhf1 Qe7 24. exf5 gxf5 25. Rxf5 Rxf5 26. Qg4+ Kh8 27. Qxf5 Nf8 28. Bg5 Qe8 29. Qf6+ Kg8 30. Qg7# 1-0

[Event "Rilton Cup 44th"]
[Site "Stockholm"]
[Date "2014.12.30"]
[Round "4"]
[White "Engstrom, Kaj"]
[Black "Hagen, Andreas Skytte"]
[Result "0-1"]
[WhiteElo "2261"]
[BlackElo "2430"]
[PlyCount "90"]
[EventDate "2014.12.27"]
[EventType "swiss"]
[EventRounds "9"]
[EventCountry "SWE"]
[SourceTitle "CBM 164 Extra"]
[Source "ChessBase"]
[SourceDate "2015.03.02"]
[SourceVersion "1"]
[SourceVersionDate "2015.03.02"]
[SourceQuality "1"]

1. e4 c5 2. Nf3 d6 3. d4 cxd4 4. Nxd4 Nf6 5. Nc3 a6 6. h3 e6 7. g4 Be7 8. Bg2 Nfd7 9. 0-0 Nc6 10. Nde2 b5 11. Ng3 Bb7 12. f4 b4 13. Nce2 0-0 14. f5 Re8 15. Nh5 Bf8 16. g5 Nce5 17. fxe6 fxe6 18. Nd4 Nc5 19. Qe1 a5 20. Bf4 Ng6 21. Bd2 Be7 22. Qg3 Rf8 23. Rxf8+ Bxf8 24. Rf1 Qd7 25. Qg4 Ne5 26. Qh4 Be7 27. Kh2 Rf8 28. Nf6+ gxf6 29. gxf6 Ng6 30. Qg5 Nxe4 31. Bxe4 Bxe4 32. Qg4 d5 33. Bg5 Bd6+ 34. Kg1 Bc5 35. c3 Rf7 36. Kh2 Bxd4 37. cxd4 Qc7+ 38. Kg1 Bf5 39. Qg2 Qc2 40. Qxc2 Bxc2 41. Rc1 Rc7 42. b3 e5 43. Kf2 exd4 44. Ke1 Ne5 45. Ke2 Bd3+ 0-1

[Event "Rilton Cup 44th"]
[Site "Stockholm"]
[Date "2014.12.29"]
[Round "3"]
[White "Bekker Jensen, Simon"]
[Black "Engstrom, Kaj"]
[Result "1/2-1/2"]
[WhiteElo "2459"]
[BlackElo "2261"]
[PlyCount "70"]
[EventDate "2014.12.27"]
[EventType "swiss"]
[EventRounds "9"]
[EventCountry "SWE"]
[SourceTitle "CBM 164 Extra"]
[Source "ChessBase"]
[SourceDate "2015.03.02"]
[SourceVersion "1"]
[SourceVersionDate "2015.03.02"]
[SourceQuality "1"]

1. d4 d5 2. c4 e6 3. Nc3 Nf6 4. cxd5 exd5 5. Bg5 c6 6. Qc2 Na6 7. e3 Nc7 8. Bd3 Ne6 9. Bh4 Bd6 10. Nf3 h6 11. 0-0 Ng5 12. Ne5 Nd7 13. Kh1 Bxe5 14. dxe5 Nxe5 15. f4 Nxd3 16. Qxd3 Qd6 17. e4 Ne6 18. exd5 0-0 19. f5 Nc5 20. Qd4 Nd7 21. Rad1 f6 22. Bg3 Ne5 23. Bxe5 fxe5 24. Qc4 Kh8 25. Ne4 cxd5 26. Rxd5 Qe7 27. Nd6 Bd7 28. Qc7 e4 29. Re1 e3 30. Qc5 Bc6 31. Rd3 Qg5 32. Qc2 Rad8 33. Qe2 Rxf5 34. Red1 Rxd6 35. Rxd6 Rf2 1/2-1/2

[Event "Rilton Cup 44th"]
[Site "Stockholm"]
[Date "2014.12.28"]
[Round "2"]
[White "Engstrom, Kaj"]
[Black "Turova, Irina"]
[Result "1/2-1/2"]
[WhiteElo "2261"]
[BlackElo "2421"]
[PlyCount "62"]
[EventDate "2014.12.27"]
[EventType "swiss"]
[EventRounds "9"]
[EventCountry "SWE"]
[SourceTitle "CBM 164 Extra"]
[Source "ChessBase"]
[SourceDate "2015.03.02"]
[SourceVersion "1"]
[SourceVersionDate "2015.03.02"]
[SourceQuality "1"]

1. e4 e5 2. Nf3 Nc6 3. Bb5 f5 4. d3 fxe4 5. dxe4 Nf6 6. Bg5 Bc5 7. Nc3 d6 8. Qe2 a6 9. Bc4 Bg4 10. Nd5 b5 11. Bb3 Nd4 12. Qd3 Nxb3 13. axb3 Be6 14. b4 Bxd5 15. bxc5 Bc4 16. Qa3 0-0 17. b3 Be6 18. 0-0 Qb8 19. Rfe1 a5 20. cxd6 cxd6 21. Rad1 b4 22. Qc1 h6 23. Bxf6 Rxf6 24. Rd3 Qc7 25. Qd2 Bg4 26. Nh4 Rc8 27. Rc1 Rcf8 28. f3 Bc8 29. c4 bxc3 30. Rdxc3 Qb6+ 31. Qf2 Qxf2+ 1/2-1/2

[Event "SWE-chT2 1011"]
[Site "Sweden"]
[Date "2010.12.04"]
[Round "3"]
[White "Wahlbom, Magnus"]
[Black "Engstrom, Kaj"]
[Result "0-1"]
[WhiteElo "2282"]
[BlackElo "2268"]
[PlyCount "82"]
[EventDate "2010.10.23"]
[EventType "team-tourn"]
[EventRounds "9"]
[EventCountry "SWE"]
[SourceTitle "EXT 2012"]
[Source "ChessBase"]
[SourceDate "2011.11.24"]
[SourceVersion "1"]
[SourceVersionDate "2011.11.24"]
[SourceQuality "1"]
[WhiteTeam "Rodeby"]
[BlackTeam "Lulea"]
[WhiteTeamCountry "SWE"]
[BlackTeamCountry "SWE"]

1. e4 c5 2. Nf3 e6 3. d4 cxd4 4. Nxd4 a6 5. Nc3 b5 6. Bd3 Bb7 7. 0-0 Bc5 8. Nb3 Ba7 9. Qe2 b4 10. Nd1 Nf6 11. Be3 d6 12. Bxa7 Rxa7 13. a3 Nc6 14. axb4 Nxb4 15. Bb5+ Ke7 16. c3 Qb6 17. cxb4 axb5 18. Rxa7 Qxa7 19. e5 dxe5 20. Qxe5 Bd5 21. Nc5 Qb8 22. Qe3 Rd8 23. Nc3 Bc6 24. Qe2 Rd4 25. h3 Qf4 26. Nd3 Qg5 27. f4 Qxg2+ 28. Qxg2 Bxg2 29. Kxg2 Rxd3 30. Nxb5 Rb3 31. Rf2 Rxb4 32. Nc3 Nd7 33. Kf3 Nb6 34. Rc2 Nc4 35. Nd1 f5 36. Ke2 Kf6 37. Kd3 Nb6 38. Ne3 Rxf4 39. Rc6 Rb4 40. Kc3 Re4 41. Kd3 Nd7 0-1

[Event "SWE-chT2 1011"]
[Site "Sweden"]
[Date "2010.10.23"]
[Round "1"]
[White "Drugge, Patrick"]
[Black "Engstrom, Kaj"]
[Result "0-1"]
[WhiteElo "2224"]
[BlackElo "2268"]
[PlyCount "96"]
[EventDate "2010.10.23"]
[EventType "team-tourn"]
[EventRounds "9"]
[EventCountry "SWE"]
[SourceTitle "EXT 2012"]
[Source "ChessBase"]
[SourceDate "2011.11.24"]
[SourceVersion "1"]
[SourceVersionDate "2011.11.24"]
[SourceQuality "1"]
[WhiteTeam "Orebro"]
[BlackTeam "Lulea"]
[WhiteTeamCountry "SWE"]
[BlackTeamCountry "SWE"]

1. e4 c5 2. Nc3 e6 3. g3 a6 4. Bg2 Nc6 5. d3 b5 6. f4 b4 7. Nce2 d5 8. Be3 Nf6 9. h3 dxe4 10. dxe4 Bb7 11. e5 Nd5 12. Bf2 Qa5 13. Nf3 Rd8 14. Qc1 b3+ 15. c3 bxa2 16. 0-0 Be7 17. g4 0-0 18. Ng3 Qa4 19. f5 exf5 20. gxf5 f6 21. e6 Na5 22. Nd2 Nf4 23. Bxb7 Nxb7 24. Nde4 Ne2+ 25. Nxe2 Qxe4 26. Ng3 Qa4 27. Nh5 Na5 28. Qf4 Qe8 29. Qg4 g5 30. Rxa2 Nc6 31. Rxa6 Ne5 32. Qe2 Rd2 33. Nxf6+ Bxf6 34. Qe3 Rd3 35. Qxc5 Rxh3 36. e7 Qxe7 37. Qxe7 Bxe7 38. Re6 Bf6 39. Bc5 Rf7 40. Re8+ Kg7 41. Bd4 Nf3+ 42. Kg2 g4 43. Be3 Nh4+ 44. Kg1 Rg3+ 45. Kh1 Rg2 46. Ra1 Rxb2 47. Raa8 Rb1+ 48. Kh2 Be5+ 0-1

[Event "SWE-chB"]
[Site "Lund"]
[Date "2010.07.11"]
[Round "9"]
[White "Kockum, Anton Frisk"]
[Black "Engstrom, Kaj"]
[Result "1-0"]
[WhiteElo "2284"]
[BlackElo "2290"]
[PlyCount "69"]
[EventDate "2010.07.03"]
[EventType "tourn"]
[EventRounds "9"]
[EventCountry "SWE"]
[EventCategory "3"]
[SourceTitle "CBM 137 Extra"]
[Source "ChessBase"]
[SourceDate "2010.09.01"]
[SourceVersion "1"]
[SourceVersionDate "2010.09.01"]
[SourceQuality "1"]

1. d4 d5 2. Nf3 Nf6 3. c4 e6 4. Nc3 Be7 5. Bg5 Ne4 6. Bxe7 Qxe7 7. Qc2 Nxc3 8. Qxc3 0-0 9. g3 c6 10. Bg2 Nd7 11. 0-0 dxc4 12. Rfd1 Rb8 13. Qa5 Ra8 14. Qc7 Qb4 15. Ne5 Nb6 16. e4 f6 17. Nf3 Qxb2 18. Qd6 Qb5 19. Bf1 Qh5 20. Nd2 e5 21. Nxc4 Bg4 22. Rd2 Rfd8 23. Qb4 Rxd4 24. Rxd4 exd4 25. Nxb6 axb6 26. Qxb6 Qe5 27. Qxb7 Rd8 28. Bc4+ Kh8 29. Bd3 Bf3 30. a4 c5 31. a5 c4 32. a6 Qb8 33. Qxb8 Rxb8 34. a7 Ra8 35. Rb1 1-0

[Event "SWE-chB"]
[Site "Lund"]
[Date "2010.07.04"]
[Round "2"]
[White "Gajic, Mladen"]
[Black "Engstrom, Kaj"]
[Result "1-0"]
[WhiteElo "2293"]
[BlackElo "2290"]
[PlyCount "79"]
[EventDate "2010.07.03"]
[EventType "tourn"]
[EventRounds "9"]
[EventCountry "SWE"]
[EventCategory "3"]
[SourceTitle "CBM 137 Extra"]
[Source "ChessBase"]
[SourceDate "2010.09.01"]
[SourceVersion "1"]
[SourceVersionDate "2010.09.01"]
[SourceQuality "1"]

1. e4 e5 2. Bc4 Nf6 3. d3 Bc5 4. Nf3 d6 5. c3 Nc6 6. Bb3 Bb6 7. 0-0 Bg4 8. h3 Bh5 9. Nbd2 a6 10. Re1 h6 11. Nf1 Nh7 12. Ng3 Bg6 13. Nd2 Qf6 14. Qe2 Ng5 15. Nc4 Ba7 16. Ne3 Ne6 17. Nd5 Qd8 18. Nf5 Na5 19. Bc2 c6 20. Nde3 Bxe3 21. Bxe3 c5 22. d4 cxd4 23. cxd4 exd4 24. Nxd4 Nxd4 25. Bxd4 0-0 26. Rad1 Qe7 27. f4 Nc6 28. Bc3 f6 29. Qg4 Bh7 30. Bb3+ Kh8 31. Bd5 Rfe8 32. Rd3 Qf8 33. Rg3 Rad8 34. e5 dxe5 35. Bxc6 bxc6 36. fxe5 fxe5 37. Bxe5 Re7 38. Qh4 Rdd7 39. Rf1 Rf7 40. Bxg7+ 1-0

[Event "Arctic Chess Challenge"]
[Site "Tromsoe"]
[Date "2009.08.04"]
[Round "4"]
[White "Engstrom, Kaj"]
[Black "Jaeger, Frode Bull"]
[Result "1-0"]
[WhiteElo "2274"]
[BlackElo "2105"]
[PlyCount "78"]
[EventDate "2009.08.01"]
[EventType "swiss"]
[EventRounds "9"]
[EventCountry "NOR"]
[SourceTitle "CBM 131 Extra"]
[Source "ChessBase"]
[SourceDate "2009.09.03"]
[SourceVersion "2"]
[SourceVersionDate "2009.09.16"]
[SourceQuality "1"]

1. e4 c5 2. Nf3 d6 3. c3 Nf6 4. Be2 Bg4 5. d3 e6 6. Be3 Nc6 7. Nbd2 d5 8. 0-0 Be7 9. h3 Bxf3 10. Bxf3 d4 11. cxd4 Nxd4 12. Bxd4 Qxd4 13. e5 Nd5 14. Nc4 b5 15. Na5 Qxe5 16. Nc6 Qd6 17. Nxe7 Kxe7 18. d4 Rhc8 19. Qd3 g6 20. Qxb5 cxd4 21. Qa4 e5 22. Rfe1 Kf8 23. Qa5 Rc5 24. Qd2 Kg7 25. Re4 Rac8 26. Rae1 Nf4 27. Qb4 a5 28. Qa3 Qc7 29. Rf1 f5 30. Ree1 e4 31. Bd1 d3 32. b4 Rc3 33. Qb2 axb4 34. Qxb4 Qc5 35. Qb2 Qa3 36. Qd2 Ne6 37. f3 Qc5+ 38. Kh1 e3 39. Rxe3 Nd4 1-0

[Event "SWE-chT 0506"]
[Site "Sweden"]
[Date "2006.??.??"]
[Round "11"]
[White "Engstrom, Kaj"]
[Black "Rosberg, Simon"]
[Result "0-1"]
[WhiteElo "2206"]
[BlackElo "2147"]
[PlyCount "90"]
[EventDate "2005.10.??"]
[EventType "team-tourn"]
[EventRounds "11"]
[EventCountry "SWE"]
[SourceTitle "EXT 2008"]
[Source "ChessBase"]
[SourceDate "2007.11.25"]
[SourceVersion "1"]
[SourceVersionDate "2007.11.25"]
[SourceQuality "1"]
[WhiteTeam "Lulea"]
[BlackTeam "Linkoping"]
[WhiteTeamCountry "SWE"]
[BlackTeamCountry "SWE"]

1. e4 c5 2. Nf3 Nc6 3. d4 cxd4 4. Nxd4 g6 5. c4 Nf6 6. Nc3 d6 7. Be2 Nxd4 8. Qxd4 Bg7 9. 0-0 0-0 10. h3 Be6 11. Qe3 Nd7 12. b3 Qb6 13. Qxb6 Nxb6 14. Bb2 a5 15. a4 Nd7 16. Rab1 Nc5 17. Nd5 Bxd5 18. exd5 Bxb2 19. Rxb2 Ra6 20. Rfb1 Rb6 21. Bd1 Ra8 22. Kf1 Rb4 23. Ke2 Kf8 24. Kd2 Ke8 25. Kc3 Kd7 26. Ra2 Kc7 27. Kb2 e5 28. dxe6 fxe6 29. Kc3 Rd8 30. Rbb2 d5 31. cxd5 Ne4+ 32. Kc2 Nxf2 33. Bf3 exd5 34. Ra1 Ne4 35. Rf1 Rd7 36. Bg4 Re7 37. Rf8 Kd6 38. Ra8 b6 39. Bf3 Rc7+ 40. Kd1 Nc3+ 41. Ke1 Nxa4 42. Rd2 Re7+ 43. Kf2 Nc3 44. Bxd5 Nxd5 45. Rd8+ Kc7 0-1

[Event "SWE-chT 0506"]
[Site "Sweden"]
[Date "2006.??.??"]
[Round "7"]
[White "Haggstrom, Olle"]
[Black "Engstrom, Kaj"]
[Result "1/2-1/2"]
[WhiteElo "2263"]
[BlackElo "2206"]
[PlyCount "112"]
[EventDate "2005.10.??"]
[EventType "team-tourn"]
[EventRounds "11"]
[EventCountry "SWE"]
[SourceTitle "EXT 2008"]
[Source "ChessBase"]
[SourceDate "2007.11.25"]
[SourceVersion "1"]
[SourceVersionDate "2007.11.25"]
[SourceQuality "1"]
[WhiteTeam "Kamraterna"]
[BlackTeam "Lulea"]
[WhiteTeamCountry "SWE"]
[BlackTeamCountry "SWE"]

1. d4 d5 2. c4 e6 3. Nc3 Nf6 4. cxd5 exd5 5. Bg5 c6 6. e3 Bf5 7. Qf3 Be6 8. Bxf6 Qxf6 9. Qxf6 gxf6 10. Bd3 c5 11. dxc5 Bxc5 12. Nge2 Nc6 13. 0-0 a6 14. Nf4 d4 15. Ne4 Be7 16. Nxe6 fxe6 17. Bc4 Kf7 18. Rac1 Rhd8 19. exd4 Nxd4 20. Rfe1 Rac8 21. Kf1 f5 22. Ng3 Bg5 23. Bxe6+ Nxe6 24. Rxc8 Rxc8 25. Nxf5 Rd8 26. h4 Rd5 27. g4 Bf4 28. Re4 b5 29. a4 Bc1 30. axb5 axb5 31. Ne3 Bxe3 32. Rxe3 Rd4 33. f3 Rb4 34. Re2 Nc5 35. Rc2 Nd3 36. Rc7+ Ke6 37. Ke2 Ne5 38. Rxh7 Rxb2+ 39. Ke3 Rb3+ 40. Ke4 Rb4+ 41. Ke3 Rb3+ 42. Ke4 Nxf3 43. Rh6+ Kf7 44. Kd5 Rb1 45. Rb6 b4 46. Kc4 Ne5+ 47. Kd4 b3 48. Kxe5 b2 49. Rb7+ Ke8 50. Rb8+ Kd7 51. Rb7+ Kc6 52. Rb3 Re1+ 53. Kf6 b1Q 54. Rxb1 Rxb1 55. h5 Kd5 56. h6 Rb6+ 1/2-1/2

[Event "SWE-chT 0506"]
[Site "Sweden"]
[Date "2006.??.??"]
[Round "9"]
[White "Krantz, Christopher"]
[Black "Engstrom, Kaj"]
[Result "1-0"]
[WhiteElo "2196"]
[BlackElo "2206"]
[PlyCount "129"]
[EventDate "2005.10.??"]
[EventType "team-tourn"]
[EventRounds "11"]
[EventCountry "SWE"]
[SourceTitle "EXT 2008"]
[Source "ChessBase"]
[SourceDate "2007.11.25"]
[SourceVersion "1"]
[SourceVersionDate "2007.11.25"]
[SourceQuality "1"]
[WhiteTeam "Eksjo"]
[BlackTeam "Lulea"]
[WhiteTeamCountry "SWE"]
[BlackTeamCountry "SWE"]

1. e4 c5 2. Nf3 e6 3. d4 cxd4 4. Nxd4 a6 5. Bd3 Bc5 6. Nb3 Ba7 7. Nc3 Nc6 8. 0-0 Qh4 9. Qe2 Nf6 10. h3 g5 11. Nd5 exd5 12. exd5+ Kd8 13. dxc6 Re8 14. Qf3 g4 15. c7+ Kxc7 16. Qf4+ d6 17. Qc4+ Kd8 18. Qb4 Be6 19. Qa5+ Ke7 20. Bg5 Qg3 21. Qc3 gxh3 22. Bxf6+ Kf8 23. Be4 Qxc3 24. Bxc3 Bxb3 25. Bxb7 Bc4 26. Bxa8 Bxf1 27. Rxf1 Rxa8 28. gxh3 Ke8 29. Re1+ Kd7 30. Re4 Rg8+ 31. Kf1 Rg5 32. Rf4 Ke6 33. Ke2 h5 34. Ra4 Rf5 35. f3 Rg5 36. Rxa6 Rg2+ 37. Kd3 Bg1 38. Bd2 Bh2 39. Ra5 f5 40. Ra4 Bg3 41. b4 Kd7 42. b5 Kc7 43. Rc4+ Kb8 44. Bf4 h4 45. Bxg3 hxg3 46. Ke3 Rd2 47. Rh4 Rxc2 48. Rh8+ Kc7 49. Kf4 g2 50. Rg8 Rxa2 51. Kxf5 Kb6 52. h4 Kxb5 53. h5 Kc4 54. Rg4+ Kd3 55. h6 g1Q 56. Rxg1 Rh2 57. Kg6 Ke3 58. Rd1 Kxf3 59. Rxd6 Ke4 60. Kg7 Ke5 61. Rg6 Ra2 62. h7 Ra7+ 63. Kh6 Ra8 64. Rg8 Ra6+ 65. Kg5 1-0